| 000 | 00623nam a2200169 a 4500 | ||
|---|---|---|---|
| 008 | 120416s1972 ||||||||||||||||| || u | ||
| 020 | _a0262520281 | ||
| 050 | _aHT 166 Blu | ||
| 100 | _aBlumenfeld, Hans | ||
| 245 | 1 | 4 | _aThe modern metropolis: its origins, growth, characteristics, and planning selected essays |
| 260 |
_aCambridge, Mass. _bM.I.T _c1972 |
||
| 300 | _axvi, 379p. : ill | ||
| 350 | _a0.00 | ||
| 650 | 0 | _aCITY PLANNING | |
| 700 | _aSpreiregen, Paul D | ||
| 995 |
_D0.00 _FCBU-MAIN LIBRARY (Kitwe) _H1 _I5.95 _UAVAILABLE _ZAnnex Low-Usage Collection |
||
| 999 |
_c51491 _d51491 |
||